Országgyűlési napló (1832-33)

Elmentve itt :
Bibliográfiai részletek
Szerző: KÖLCSEY Ferenc
Adatforrás:Meister
Forrásdokumentuma:Helikon. -
32 sz., 1990, 5-7 p.
Nyelv:magyar
Kulcsszavak:politikatörténet
memoár-irodalom
KÖLCSEY Ferenc
LEADER 00394nab a2200145 i 4500
001 bibPRO00008780
008 060524s1990 xx hun
040 |a Sz1 
041 |a hun 
100 1 |a KÖLCSEY Ferenc 
245 1 0 |a Országgyűlési napló (1832-33)  |c KÖLCSEY Ferenc 
695 |a politikatörténet 
695 |a memoár-irodalom 
695 |a KÖLCSEY Ferenc 
773 0 |t Helikon. -  |g 32 sz., 1990, 5-7 p.